[Event "Wloclawek CC Classic 20th"]
[Site "Wloclawek"]
[Date "2018.??.??"]
[Round "1"]
[White "Milecki, Robert"]
[Black "Janicki, Adam"]
[Result "1-0"]
[WhiteElo "1493"]
[BlackElo "1000"]
[PlyCount "75"]
[EventDate "2018.04.??"]
[EventType "swiss"]
[EventRounds "7"]
[EventCountry "POL"]
[SourceTitle "EXT 2021"]
[Source "ChessBase"]
[SourceDate "2020.10.23"]
[SourceVersion "1"]
[SourceVersionDate "2020.10.23"]
[SourceQuality "1"]

1. e4 d5 2. exd5 Qxd5 3. Nc3 Qe6+ 4. Nge2 Qg6 5. d4 Bf5 6. Nf4 Bxc2 7. Nxg6 Bxd1 8. Nxh8 Bc2 9. Nd5 Kd7 10. Nxf7 Nc6 11. Ne5+ Nxe5 12. dxe5 e6 13. Nc3 Rd8 14. Bg5 Be7 15. Bxe7 Nxe7 16. Rc1 Bf5 17. Rd1+ Kc8 18. Rxd8+ Kxd8 19. Kd2 h5 20. Bd3 Nc6 21. Re1 g6 22. Bxf5 gxf5 23. Re3 a6 24. Rh3 b5 25. a3 Nxe5 26. Rxh5 Nc4+ 27. Kc1 c6 28. Rh7 Ke8 29. Ra7 Ne5 30. f3 c5 31. Rxa6 b4 32. axb4 Nd3+ 33. Kd2 Nxb4 34. Rxe6+ Kf7 35. Re5 c4 36. Rxf5+ Ke6 37. Rc5 Nd5 38. Rxd5 1-0

[Event "Wloclawek CC Classic 20th"]
[Site "Wloclawek"]
[Date "2018.??.??"]
[Round "5"]
[White "Milewski, Miroslaw"]
[Black "Janicki, Adam"]
[Result "1-0"]
[WhiteElo "1232"]
[BlackElo "1000"]
[PlyCount "79"]
[EventDate "2018.04.??"]
[EventType "swiss"]
[EventRounds "7"]
[EventCountry "POL"]
[SourceTitle "EXT 2021"]
[Source "ChessBase"]
[SourceDate "2020.10.23"]
[SourceVersion "1"]
[SourceVersionDate "2020.10.23"]
[SourceQuality "1"]

1. e4 c5 2. Nf3 d6 3. h3 Nf6 4. Bb5+ Nbd7 5. d3 a6 6. Bxd7+ Nxd7 7. 0-0 b5 8. d4 Bb7 9. d5 e6 10. dxe6 fxe6 11. Re1 Be7 12. c3 0-0 13. a4 Bc6 14. b3 Nf6 15. Ng5 Nh5 16. Nxe6 Qe8 17. Nxf8 Bxf8 18. f3 Qg6 19. axb5 Bxb5 20. Qd5+ Qf7 21. Qxa8 h6 22. Qd5 Qxd5 23. exd5 Nf6 24. c4 Be8 25. Rxa6 Bg6 26. Nc3 Bf5 27. Nb5 g5 28. Nxd6 Bc2 29. Ne8 Nd7 30. Nf6+ Nxf6 31. Rxf6 Bxb3 32. Re8 Bxc4 33. Rexf8+ Kg7 34. R8f7+ Kg8 35. Rc7 Bxd5 36. Rxc5 Bb7 37. Rc7 Bd5 38. Rd6 Kh8 39. Rxd5 h5 40. Rd8# 1-0